| 000 | 00708cam a22002291 4500 | ||
|---|---|---|---|
| 001 | sa 64001447 | ||
| 003 | DLC | ||
| 005 | 20260227112002.0 | ||
| 008 | 840823s1963 ii a 000 0 eng | ||
| 010 | _asa 64001447 | ||
| 025 | _aPL480:I-E-2319 | ||
| 035 | _a(OCoLC)11084729 | ||
| 040 |
_aDLC _cCLS _dDLC |
||
| 042 | _apremarc | ||
| 050 | 0 | 0 |
_aKNS1750 _b.R36 1963 |
| 100 | 1 |
_aRamadhyani, Rangaswamy Kalkunte, _d1908-1965. [from old catalog] |
|
| 245 | 1 | 0 |
_aCitizens' guide to our Constitution and government. _cForeword by Zakir Husain. |
| 260 |
_aDelhi, _bAtma Ram, _c1963. |
||
| 300 |
_aix, 232 p. _billus. _c22 cm. |
||
| 650 | 0 |
_aConstitutional law _zIndia. |
|
| 650 | 0 |
_aConstitutional history _zIndia. |
|
| 999 |
_c56752 _d56752 |
||